[Event "14th EUR-ch"]
[Site "Minsk BLR"]
[Date "2017.06.02"]
[Round "4.78"]
[White "Pavlov, Sergey"]
[Black "Donchenko, Alexander"]
[Result "1/2-1/2"]
[WhiteElo "2432"]
[BlackElo "2563"]
[EventDate "2017.05.30"]
[PlyCount "162"]

1.c4 b6 2.Nc3 Bb7 3.e4 e5 4.g3 Bc5 5.Bg2 Nc6 6.Nge2 h5 7.h3 h4 8.g4 Nge7 
9.d3 Ng6 10.O-O Nf8 11.a3 a5 12.Kh1 g5 13.Nb5 Ne6 14.Be3 Ba6 15.b4 axb4 
16.axb4 Nxb4 17.d4 exd4 18.Nexd4 O-O 19.e5 c6 20.Nxe6 dxe6 21.Bxc5 bxc5 
22.Nd6 f6 23.Qe2 Qe7 24.Qe4 Qh7 25.Qxh7+ Kxh7 26.exf6 Kg6 27.f7 Kf6 28.
Ne8+ Kxf7 29.Nc7 Ra7 30.Nxa6 Rxa6 31.Rxa6 Nxa6 32.Bxc6 Nb4 33.Be4 Ke7 34.
Kg2 Rd8 35.f4 Rd4 36.Kf3 Kf6 37.fxg5+ Kxg5 38.Rc1 Nd3 39.Bxd3 Rxd3+ 40.Kg2
Rd2+ 41.Kg1 Kf4 42.Rf1+ Kg3 43.Re1 Kxh3 44.Re3+ Kxg4 45.Re5 Kf4 46.Rxc5 e5
47.Rc8 Rc2 48.c5 e4 49.c6 Ke3 50.Kf1 Rf2+ 51.Kg1 Rc2 52.Kf1 Rc3 53.Kg2 Ke2
54.c7 e3 55.Kh2 Rc2 56.Kh3 Rc4 57.Kh2 Rc3 58.Kg2 Rc4 59.Kh3 Rc6 60.Kxh4 
Rh6+ 61.Kg3 Rh7 62.Kg2 Re7 63.Kh2 Ke1 64.Kg2 e2 65.Kh2 Rg7 66.Kh3 Rd7 67.
Kg2 Rf7 68.Kg1 Re7 69.Kg2 Rd7 70.Kh2 Rh7+ 71.Kg2 Re7 72.Kh2 Rg7 73.Kh3 
Rh7+ 74.Kg2 Rd7 75.Kh2 Re7 76.Kg2 Rh7 77.Kg1 Rf7 78.Kg2 Re7 79.Kh2 Rd7 80.
Kg2 Rh7 81.Kg1 Re7 1/2-1/2

[Event "14th EUR-ch"]
[Site "Minsk BLR"]
[Date "2017.06.02"]
[Round "4.79"]
[White "Erturan, Yakup"]
[Black "Gelashvili, Tamaz"]
[Result "0-1"]
[WhiteElo "2367"]
[BlackElo "2563"]
[EventDate "2017.05.30"]
[PlyCount "78"]

1.d4 f5 2.Nf3 Nf6 3.g3 g6 4.Bg2 Bg7 5.c4 O-O 6.Nc3 d6 7.O-O Qe8 8.d5 a5 9.
Be3 h6 10.c5 Na6 11.cxd6 exd6 12.Qd2 Kh7 13.Ne1 Bd7 14.a4 Nc5 15.Bxc5 dxc5
16.Nc2 Ne4 17.Nxe4 fxe4 18.Qe3 Bxa4 19.Qxe4 Qxe4 20.Bxe4 Bb5 21.Rfe1 a4 
22.Na3 Bd7 23.Rab1 b5 24.Rec1 b4 25.Nc4 a3 26.bxa3 bxa3 27.Nxa3 Rxa3 28.
Rxc5 Be5 29.Rc2 Ra4 30.f3 Bf5 31.Bxf5 gxf5 32.e3 Rfa8 33.Rd1 Ra2 34.Rdd2 
R2a3 35.Kf2 Bd6 36.Ke2 Kg6 37.Kf2 Kf6 38.f4 Re8 39.Re2 Rd3 0-1

[Event "14th EUR-ch"]
[Site "Minsk BLR"]
[Date "2017.06.02"]
[Round "4.80"]
[White "Kriakvin, Dmitry"]
[Black "Kantane, Anna"]
[Result "1-0"]
[WhiteElo "2560"]
[BlackElo "2295"]
[EventDate "2017.05.30"]
[PlyCount "95"]

1.Nf3 Nf6 2.c4 c5 3.Nc3 g6 4.d4 cxd4 5.Nxd4 Bg7 6.e4 Nc6 7.Be3 d6 8.Be2 
O-O 9.O-O Nxd4 10.Bxd4 Nd7 11.Be3 Nc5 12.f3 Bd7 13.Qd2 Bc6 14.Rab1 a5 15.
b3 Qb6 16.Rfc1 Qb4 17.Rc2 Rfc8 18.Qc1 Qb6 19.Kh1 h5 20.Bf1 Kh7 21.a3 Qd8 
22.Qd2 Ne6 23.Nd5 Bxd5 24.exd5 Nf8 25.g3 Nd7 26.Bh3 Rcb8 27.Qe2 b6 28.f4 
f5 29.Bg2 Ra7 30.Bf3 Rab7 31.a4 Qf8 32.h3 Nc5 33.g4 hxg4 34.hxg4 Kg8 35.
Qh2 Qf6 36.Qh3 fxg4 37.Qxg4 Kf7 38.Rh2 Rh8 39.Rxh8 Bxh8 40.Rg1 Qf5 41.Qh4 
Bg7 42.Qh7 Qd3 43.Kh2 Rb8 44.Rxg6 Qxe3 45.Bh5 Qxf4+ 46.Rg3+ Kf6 47.Qxg7+ 
Kf5 48.Bg6# 1-0

[Event "14th EUR-ch"]
[Site "Minsk BLR"]
[Date "2017.06.02"]
[Round "4.81"]
[White "Chigaev, Maksim"]
[Black "Kononenko, Dmitry"]
[Result "1-0"]
[WhiteElo "2559"]
[BlackElo "2255"]
[EventDate "2017.05.30"]
[PlyCount "143"]

1.e4 d5 2.exd5 Qxd5 3.Nc3 Qa5 4.Nf3 Nf6 5.g3 Bg4 6.Bg2 c6 7.h3 Bh5 8.O-O 
e6 9.d4 Nbd7 10.Ne2 Bd6 11.Nf4 Bg6 12.Nxg6 hxg6 13.c3 Qc7 14.Qc2 O-O 15.
Be3 c5 16.Rad1 c4 17.Ng5 Rab8 18.Bf3 Nd5 19.Bc1 N7f6 20.Kg2 Ne7 21.h4 Nf5 
22.Rh1 Bxg3 23.fxg3 Qxg3+ 24.Kf1 Ng4 25.Qe2 Qc7 26.Ne4 Nf6 27.Qh2 Qxh2 28.
Nxf6+ gxf6 29.Rxh2 Kg7 30.Kf2 Rh8 31.Rdh1 b5 32.a3 a5 33.Bf4 Rb6 34.Bc7 
Ra6 35.d5 e5 36.h5 g5 37.h6+ Kf8 38.Be4 Nd6 39.Bxd6+ Rxd6 40.Kg3 a4 41.Kg4
Ke7 42.Rf2 Kf8 43.Kf5 Ke7 44.h7 Kf8 45.Rh6 Kg7 46.Rfh2 Rb6 47.R6h3 Rd6 48.
Kg4 Kf8 49.Rd2 Kg7 50.Bf5 Rhd8 51.Kf3 Kh8 52.Ke4 Rb8 53.Rg2 Rbd8 54.Rh6 
Kg7 55.Rxg5+ fxg5 56.h8=Q+ Rxh8 57.Rxd6 Rh2 58.Kxe5 Re2+ 59.Kd4 Rf2 60.Bc8
f5 61.Ke3 Rxb2 62.Bxf5 Rb3 63.Kd2 Rxa3 64.Re6 b4 65.cxb4 Rf3 66.Be4 Rf6 
67.Re7+ Rf7 68.d6 Rxe7 69.dxe7 Kf7 70.Bc6 Kxe7 71.Bxa4 Kd6 72.Bd1 1-0

[Event "14th EUR-ch"]
[Site "Minsk BLR"]
[Date "2017.06.02"]
[Round "4.82"]
[White "Boruchovsky, Avital"]
[Black "Davtyan, Artur"]
[Result "1/2-1/2"]
[WhiteElo "2557"]
[BlackElo "2216"]
[EventDate "2017.05.30"]
[PlyCount "123"]

1.e4 e5 2.Nf3 Nc6 3.Bb5 Nf6 4.O-O Nxe4 5.Re1 Nd6 6.Nxe5 Be7 7.Bf1 Nxe5 8.
Rxe5 O-O 9.d4 Bf6 10.Re1 Re8 11.Nc3 Rxe1 12.Qxe1 c6 13.Bf4 Nf5 14.d5 d6 
15.Rd1 c5 16.Ne4 Be7 17.c3 Nh4 18.Qe3 Ng6 19.Bg3 f5 20.Nd2 Bg5 21.f4 Bf6 
22.Bb5 a6 23.Qe8+ Qxe8 24.Bxe8 Kf8 25.Bxg6 hxg6 26.Nc4 Be7 27.Nb6 Rb8 28.
b4 Bd8 29.bxc5 Bxb6 30.cxb6 Bd7 31.Re1 Bb5 32.Re6 Rd8 33.Bh4 Rd7 34.Rxg6 
Bc4 35.a3 Bxd5 36.Rg5 Be4 37.Bf2 Kf7 38.Bd4 g6 39.h4 Re7 40.Kf2 Re6 41.h5 
gxh5 42.Rxh5 Rg6 43.g3 Ke6 44.Rh7 Bc6 45.c4 Be4 46.a4 Rg8 47.a5 Rc8 48.Rc7
Re8 49.Bc3 Rg8 50.Bg7 Rd8 51.Ke3 Bc6 52.Bh6 Rd7 53.Rc8 d5 54.Re8+ Kf7 55.
Rf8+ Kg6 56.Bg5 dxc4 57.Rf6+ Kh5 58.Rxf5 Rd3+ 59.Kf2 Rf3+ 60.Ke2 Rxg3 61.
Rc5 Be4 62.Bf6+ 1/2-1/2

[Event "14th EUR-ch"]
[Site "Minsk BLR"]
[Date "2017.06.02"]
[Round "4.83"]
[White "Filipets, Egor"]
[Black "Kunin, Vitaly"]
[Result "1-0"]
[WhiteElo "2328"]
[BlackElo "2551"]
[EventDate "2017.05.30"]
[PlyCount "75"]

1.d4 d6 2.e4 Nf6 3.Nc3 e5 4.Nf3 Nbd7 5.Bc4 Be7 6.O-O O-O 7.h3 c6 8.a4 Qc7 
9.Be3 exd4 10.Nxd4 Ne5 11.Ba2 Re8 12.f4 Ng6 13.Qf3 Bf8 14.Rae1 a6 15.g4 d5
16.exd5 c5 17.Nde2 Bd6 18.Bf2 h6 19.Bc4 Bd7 20.Bg3 Re7 21.g5 hxg5 22.fxg5 
Nh7 23.Ne4 Rxe4 24.Qxf7+ Kh8 25.Qxg6 Bxg3 26.Qxe4 Bxe1 27.Nf4 Qd6 28.Qe7 
Qb6 29.Rxe1 Nf8 30.Qf7 Qb4 31.Re7 Ne6 32.Nxe6 Qe1+ 33.Kg2 Qe4+ 34.Qf3 
Qxc2+ 35.Be2 Bxe6 36.dxe6 Qxb2 37.Qh5+ Kg8 38.g6 1-0

[Event "14th EUR-ch"]
[Site "Minsk BLR"]
[Date "2017.06.02"]
[Round "4.84"]
[White "Shomoev, Anton"]
[Black "Bochkarev, Yuriy"]
[Result "1/2-1/2"]
[WhiteElo "2550"]
[BlackElo "2084"]
[EventDate "2017.05.30"]
[PlyCount "122"]

1.d4 c6 2.c4 d5 3.Nc3 Nf6 4.e3 e6 5.Nf3 Be7 6.Bd3 O-O 7.O-O b6 8.e4 dxc4 
9.Bxc4 Ba6 10.Bxa6 Nxa6 11.Qa4 Qc8 12.Bg5 Qb7 13.e5 b5 14.Qc2 Nd5 15.Ne4 
h6 16.Bxe7 Nxe7 17.Rac1 Nb4 18.Qd2 a5 19.a3 Nbd5 20.b3 b4 21.a4 Qa7 22.Rc5
Rfd8 23.Rfc1 Nc3 24.Nxc3 Qxc5 25.dxc5 Rxd2 26.Nxd2 bxc3 27.Rxc3 Rd8 28.Rc2
Ng6 29.Kf1 Nxe5 30.f4 Nd3 31.Nc4 Ra8 32.Nb6 Rb8 33.Nc4 Ra8 34.g3 Nxc5 35.
Nd2 Rd8 36.Rxc5 Rxd2 37.Rxa5 Rxh2 38.Rc5 Rb2 39.Rc3 c5 40.a5 Kf8 41.Rxc5 
Rxb3 42.a6 Ra3 43.Rc8+ Ke7 44.Rc7+ Kf6 45.a7 Ra2 46.g4 Kg6 47.Re7 Kf6 48.
Rc7 g5 49.fxg5+ hxg5 50.Rb7 Kg6 51.Re7 Kf6 52.Rc7 e5 53.Rb7 e4 54.Rb6+ Ke5
55.Rb5+ Kf4 56.Rf5+ Kxg4 57.Rxf7 Kg3 58.Ke1 Kg4 59.Kf1 Kg3 60.Ke1 Kh3 61.
Rh7+ Kg3 1/2-1/2

[Event "14th EUR-ch"]
[Site "Minsk BLR"]
[Date "2017.06.02"]
[Round "4.85"]
[White "Zarubitski, Viachaslau"]
[Black "Sadzikowski, Daniel"]
[Result "0-1"]
[WhiteElo "2325"]
[BlackElo "2548"]
[EventDate "2017.05.30"]
[PlyCount "80"]

1.e4 e5 2.Nf3 Nc6 3.Bb5 a6 4.Ba4 Nf6 5.O-O Be7 6.Re1 b5 7.Bb3 d6 8.c3 O-O 
9.h3 Na5 10.Bc2 c5 11.d4 Nd7 12.Nbd2 exd4 13.cxd4 Nc6 14.d5 Nce5 15.Nxe5 
Nxe5 16.f4 Ng6 17.Nf3 Bh4 18.Rf1 Bg3 19.Ng5 h6 20.Ne6 fxe6 21.Qg4 Nxf4 22.
Bxf4 Bxf4 23.Rxf4 e5 24.Rxf8+ Qxf8 25.Qg6 Bd7 26.Rf1 Qe7 27.Bd1 Rf8 28.
Rxf8+ Qxf8 29.Bg4 Bxg4 30.Qxg4 Qe8 31.Kf2 Kh7 32.Kg1 c4 33.Qf5+ Qg6 34.Qf3
a5 35.Qe3 Qg5 36.Qb6 b4 37.Qxd6 c3 38.bxc3 bxc3 39.Qc5 Qc1+ 40.Kh2 c2 0-1

[Event "14th EUR-ch"]
[Site "Minsk BLR"]
[Date "2017.06.02"]
[Round "4.86"]
[White "Stukan, Martin"]
[Black "Petrosyan, Manuel"]
[Result "0-1"]
[WhiteElo "1972"]
[BlackElo "2546"]
[EventDate "2017.05.30"]
[PlyCount "56"]

1.d4 Nf6 2.c4 e6 3.g3 c5 4.Nf3 cxd4 5.Nxd4 Qa5+ 6.Nd2 Nc6 7.Nxc6 bxc6 8.
Bg2 d5 9.O-O Be7 10.e4 Bb7 11.a3 O-O 12.b4 Qc7 13.Bb2 Rfd8 14.Qc2 d4 15.
Nb3 e5 16.f4 c5 17.Rad1 Ng4 18.Bc1 cxb4 19.axb4 Bxb4 20.Qe2 Ne3 21.Bxe3 
dxe3 22.fxe5 a5 23.e6 fxe6 24.Nd4 Qb6 25.Nc2 Rd2 26.Rxd2 exd2+ 27.Kh1 Rd8 
28.Rd1 Bc6 0-1

[Event "14th EUR-ch"]
[Site "Minsk BLR"]
[Date "2017.06.02"]
[Round "4.88"]
[White "Korobov, Anton"]
[Black "Mazur, Stefan"]
[Result "1-0"]
[WhiteElo "2688"]
[BlackElo "2459"]
[EventDate "2017.05.30"]
[PlyCount "105"]

1.d4 Nf6 2.c4 g6 3.g3 Bg7 4.Bg2 O-O 5.Nf3 d6 6.O-O Nc6 7.Nc3 Bf5 8.d5 Na5 
9.Nd4 Bd7 10.b3 c5 11.dxc6 bxc6 12.Bb2 Rb8 13.Rb1 Qc8 14.Re1 Bh3 15.e4 
Bxg2 16.Kxg2 Rd8 17.Qe2 e5 18.Nc2 d5 19.exd5 cxd5 20.cxd5 Nxd5 21.Nxd5 
Rxd5 22.Ne3 Rd8 23.Rec1 Qb7+ 24.Qf3 Qxf3+ 25.Kxf3 Rd2 26.Kg2 e4 27.Bxg7 
Kxg7 28.b4 Nb7 29.a4 Rd4 30.Rd1 Rbd8 31.a5 Rxd1 32.Rxd1 Rxd1 33.Nxd1 Kf6 
34.Nc3 Nd6 35.f3 Ke5 36.b5 exf3+ 37.Kxf3 Kd4 38.b6 a6 39.Nb5+ Kc5 40.Nxd6 
Kxd6 41.g4 f6 42.h4 Kc6 43.Ke4 Kd6 44.h5 Kc6 45.Kd4 Kd6 46.b7 Kc7 47.Kd5 
Kxb7 48.Ke6 gxh5 49.gxh5 Kc6 50.Kxf6 Kd6 51.Kg7 Ke6 52.Kxh7 Kf7 53.h6 1-0

[Event "14th EUR-ch"]
[Site "Minsk BLR"]
[Date "2017.06.02"]
[Round "4.89"]
[White "Moiseenko, Alexander"]
[Black "Sychev, Klementy"]
[Result "1/2-1/2"]
[WhiteElo "2677"]
[BlackElo "2459"]
[EventDate "2017.05.30"]
[PlyCount "54"]

1.d4 d5 2.c4 c6 3.Nc3 Nf6 4.Nf3 e6 5.Bg5 h6 6.Bxf6 Qxf6 7.Qb3 Nd7 8.e4 
dxe4 9.Nxe4 Qf4 10.Bd3 e5 11.O-O Be7 12.Rfe1 exd4 13.c5 O-O 14.Rac1 Kh8 
15.Qc4 Ne5 16.Nxe5 Qxe5 17.Ng3 Qf6 18.Bb1 g6 19.Qd3 Be6 20.h4 h5 21.Nxh5 
Qxh4 22.Rxe6 fxe6 23.Qxg6 Qxf2+ 24.Kh1 Qh4+ 25.Kg1 Qf2+ 26.Kh1 Qh4+ 27.Kg1
Qf2+ 1/2-1/2

[Event "14th EUR-ch"]
[Site "Minsk BLR"]
[Date "2017.06.02"]
[Round "4.90"]
[White "Smirin, Ilia"]
[Black "Pacher, Milan"]
[Result "0-1"]
[WhiteElo "2676"]
[BlackElo "2450"]
[EventDate "2017.05.30"]
[PlyCount "82"]

1.e4 c5 2.Nf3 d6 3.d4 cxd4 4.Nxd4 Nf6 5.Nc3 Nc6 6.Bg5 e6 7.Qd2 Qb6 8.Nb3 
a6 9.O-O-O Be7 10.f3 O-O 11.h4 Rd8 12.Be3 Qc7 13.Qf2 Nd7 14.g4 b5 15.g5 b4
16.Na4 Rb8 17.g6 Nce5 18.gxf7+ Kxf7 19.Bh3 Nc4 20.f4 Nf6 21.e5 Ne4 22.Qf3 
d5 23.Nd4 Nc5 24.Nxc5 Bxc5 25.Bf2 Rb6 26.Rhg1 Kg8 27.Rg5 Rf8 28.Rdg1 Rf7 
29.Qg3 Bxd4 30.Bxd4 Rb7 31.h5 Qa5 32.b3 Qxa2 33.bxc4 dxc4 34.h6 b3 35.Bb2 
bxc2 36.Qa3 Qb1+ 37.Kd2 Rbd7+ 38.Ke3 Rd3+ 39.Qxd3 cxd3 40.Rxg7+ Rxg7 41.
Rxg7+ Kf8 0-1

[Event "14th EUR-ch"]
[Site "Minsk BLR"]
[Date "2017.06.02"]
[Round "4.91"]
[White "Repka, Christopher"]
[Black "Safarli, Eltaj"]
[Result "1/2-1/2"]
[WhiteElo "2452"]
[BlackElo "2668"]
[EventDate "2017.05.30"]
[PlyCount "53"]

1.d4 Nf6 2.Nf3 g6 3.g3 Bg7 4.Bg2 d5 5.O-O O-O 6.c4 c6 7.cxd5 cxd5 8.Ne5 
Nc6 9.Nc3 Bf5 10.Bg5 Ne4 11.Nxc6 bxc6 12.Nxe4 dxe4 13.Rc1 Qxd4 14.Bxe7 
Rfe8 15.Qxd4 Bxd4 16.Ba3 Rab8 17.b3 e3 18.f4 Red8 19.Be7 Re8 20.Bc5 Bxc5 
21.Rxc5 Rbd8 22.Bxc6 Re7 23.Bf3 Rd2 24.g4 Be4 25.Bxe4 Rxe4 26.Kg2 Rxa2 27.
Kf3 1/2-1/2

[Event "14th EUR-ch"]
[Site "Minsk BLR"]
[Date "2017.06.02"]
[Round "4.92"]
[White "Edouard, Romain"]
[Black "Minko, Vladimir"]
[Result "1-0"]
[WhiteElo "2640"]
[BlackElo "2438"]
[EventDate "2017.05.30"]
[PlyCount "39"]

1.Nf3 d5 2.c4 e6 3.g3 Nf6 4.Bg2 Be7 5.O-O O-O 6.d4 dxc4 7.Qc2 a6 8.a4 Nbd7
9.Nbd2 c5 10.dxc5 c3 11.bxc3 Bxc5 12.Nb3 Be7 13.c4 Qc7 14.a5 Nc5 15.Bf4 
Bd6 16.Nxc5 Bxf4 17.Nd3 Bd6 18.c5 Bd7 19.Nd4 e5 20.cxd6 1-0

[Event "14th EUR-ch"]
[Site "Minsk BLR"]
[Date "2017.06.02"]
[Round "4.93"]
[White "Bartel, Mateusz"]
[Black "Froewis, Georg"]
[Result "0-1"]
[WhiteElo "2637"]
[BlackElo "2432"]
[EventDate "2017.05.30"]
[PlyCount "100"]

1.c4 e6 2.Nf3 d5 3.d4 Nf6 4.Bg5 dxc4 5.Qa4+ Nbd7 6.Nbd2 a6 7.Qxc4 c5 8.e4 
b5 9.Qc2 Qb6 10.a4 Bb7 11.axb5 axb5 12.Rxa8+ Bxa8 13.Be2 Be7 14.O-O O-O 
15.d5 h6 16.Bh4 g5 17.dxe6 Qxe6 18.Bg3 g4 19.Nh4 Nxe4 20.Bxb5 Nxg3 21.fxg3
Bg5 22.Nf5 Nb6 23.Qc3 f6 24.Rf2 Rd8 25.Nf1 c4 26.Qb4 Be4 27.N5e3 Bd3 28.
Qc5 Bxf1 29.Nxf1 Rd1 30.Qf5 Qxf5 31.Rxf5 Be3+ 32.Kh1 Bd4 33.h3 Bxb2 34.Kh2
Be5 35.Ne3 c3 36.Rf2 Re1 37.Re2 Rc1 38.Rc2 Re1 39.Nxg4 Bd4 40.h4 Kg7 41.
Nf2 Nd5 42.Nd3 Rb1 43.Ba4 Ne3 44.Re2 Ng4+ 45.Kh3 h5 46.Re1 Rxe1 47.Nxe1 
Bg1 48.Nd3 f5 49.Bb3 Kf8 50.Ba4 Ke7 0-1

[Event "14th EUR-ch"]
[Site "Minsk BLR"]
[Date "2017.06.02"]
[Round "4.94"]
[White "Salgado Lopez, Ivan"]
[Black "Zawadzka, Jolanta"]
[Result "1-0"]
[WhiteElo "2627"]
[BlackElo "2419"]
[EventDate "2017.05.30"]
[PlyCount "63"]

1.e4 c5 2.Nf3 e6 3.d4 cxd4 4.Nxd4 Nc6 5.Nc3 Qc7 6.Be3 a6 7.Qf3 Nf6 8.O-O-O
Nxd4 9.Bxd4 e5 10.Be3 d6 11.Rd3 Be6 12.Rg1 b5 13.g4 Rc8 14.g5 Nd7 15.a3 a5
16.Rd2 b4 17.Nb5 Qc6 18.a4 Be7 19.Bh3 Bxh3 20.Qxh3 Qxe4 21.g6 b3 22.gxf7+ 
Kd8 23.c3 Qxa4 24.Na3 Rf8 25.Qe6 Qe4 26.Rxg7 d5 27.Rxd5 Rxc3+ 28.bxc3 
Bxa3+ 29.Kd1 Qc2+ 30.Ke1 Qxc3+ 31.Bd2 Qc7 32.Rg8 1-0

[Event "14th EUR-ch"]
[Site "Minsk BLR"]
[Date "2017.06.02"]
[Round "4.95"]
[White "Usmanov, Vasily"]
[Black "Kobalia, Mikhail"]
[Result "1-0"]
[WhiteElo "2443"]
[BlackElo "2624"]
[EventDate "2017.05.30"]
[PlyCount "75"]

1.d4 d6 2.Nf3 g6 3.c4 f5 4.Nc3 Nf6 5.g3 Bg7 6.Bg2 O-O 7.O-O Qe8 8.d5 a5 9.
Bd2 Na6 10.Qc1 e5 11.dxe6 Bxe6 12.Nb5 Ne4 13.Bxa5 Qf7 14.Nd2 Nxd2 15.Qxd2 
Bxc4 16.b3 Bxb5 17.Bd5 Nc5 18.Bxf7+ Rxf7 19.f3 Re8 20.Rae1 Rfe7 21.Rf2 b6 
22.Bc3 Bxc3 23.Qxc3 Nd3 24.a4 Ba6 25.exd3 Rxe1+ 26.Rf1 R1e7 27.b4 c5 28.
Qb3+ Kg7 29.Qd5 Rd8 30.bxc5 bxc5 31.Rb1 Bc8 32.Kf2 Be6 33.Qc6 Bf7 34.Rb7 
Kf6 35.Rxe7 Kxe7 36.a5 Be8 37.Qb7+ Rd7 38.a6 1-0

[Event "14th EUR-ch"]
[Site "Minsk BLR"]
[Date "2017.06.02"]
[Round "4.96"]
[White "Druska, Juraj"]
[Black "Parligras, Mircea-Emilian"]
[Result "1/2-1/2"]
[WhiteElo "2430"]
[BlackElo "2607"]
[EventDate "2017.05.30"]
[PlyCount "67"]

1.e4 c5 2.Nf3 d6 3.Bb5+ Nd7 4.O-O a6 5.Bd3 Ngf6 6.Re1 e6 7.c3 b5 8.Bc2 c4 
9.d4 cxd3 10.Qxd3 Bb7 11.Bg5 Be7 12.Nbd2 O-O 13.Rad1 Rc8 14.Nd4 h6 15.Bh4 
Ne5 16.Qh3 Ng6 17.Bg3 Rc5 18.Nxe6 fxe6 19.Nb3 Rh5 20.Qxe6+ Kh8 21.Nd4 Bc8 
22.Qb3 Qb6 23.Nf5 Bxf5 24.exf5 Ne5 25.Qe6 Qa7 26.h3 Re8 27.Bxe5 dxe5 28.
Rxe5 Rh4 29.Qf7 Rc4 30.Rd6 Rcc8 31.Rxf6 gxf6 32.Qg6 fxe5 33.Qxh6+ Kg8 34.
Qg6+ 1/2-1/2

[Event "14th EUR-ch"]
[Site "Minsk BLR"]
[Date "2017.06.02"]
[Round "4.97"]
[White "Oparin, Grigoriy"]
[Black "Matnadze, Ana"]
[Result "1-0"]
[WhiteElo "2604"]
[BlackElo "2413"]
[EventDate "2017.05.30"]
[PlyCount "125"]

1.e4 g6 2.d4 Bg7 3.Nf3 c6 4.Bd3 d6 5.O-O e5 6.dxe5 dxe5 7.Nbd2 Ne7 8.Nc4 
Qc7 9.a4 O-O 10.b3 b6 11.Bb2 f6 12.Qe2 Be6 13.Rfd1 Kh8 14.Ne3 Nd7 15.Ba3 
Rfe8 16.h4 Nf8 17.h5 gxh5 18.Bxe7 Qxe7 19.Nh4 f5 20.Nexf5 Qg5 21.Bc4 Bf6 
22.Rd6 Qg4 23.Qxg4 hxg4 24.Rxc6 Rac8 25.Rxc8 Rxc8 26.Bd3 a5 27.g3 Nd7 28.
Rd1 Nc5 29.Nd6 Rd8 30.Nhf5 Kg8 31.Kf1 Kf8 32.Ke2 Bxf5 33.Nxf5 Bg5 34.Ne3 
Bxe3 35.Kxe3 Kg7 36.Rh1 Kg6 37.Be2 Rd4 38.f3 gxf3 39.Bxf3 h6 40.Rh2 Rd6 
41.Rh5 Re6 42.Rf5 Kg7 43.Bh5 Re7 44.Be2 Nd7 45.Rf1 Nf6 46.Rd1 Rd7 47.Rxd7+
Nxd7 48.c3 Nc5 49.Bd1 Kf6 50.b4 Na6 51.Kd3 axb4 52.cxb4 Nxb4+ 53.Kc4 Na2 
54.Kb5 Nc3+ 55.Kxb6 Nxd1 56.a5 Nc3 57.a6 Nxe4 58.a7 Nxg3 59.a8=Q Nf5 60.
Kc5 Ke6 61.Qh8 e4 62.Qe8+ Ne7 63.Kd4 1-0

[Event "14th EUR-ch"]
[Site "Minsk BLR"]
[Date "2017.06.02"]
[Round "4.98"]
[White "Gledura, Benjamin"]
[Black "Balashov, Yury"]
[Result "1/2-1/2"]
[WhiteElo "2602"]
[BlackElo "2408"]
[EventDate "2017.05.30"]
[PlyCount "120"]

1.e4 e5 2.Nf3 Nc6 3.Bc4 Nf6 4.d3 Be7 5.O-O O-O 6.Nc3 d6 7.a3 h6 8.b4 a6 9.
Be3 Re8 10.Qb1 Bf8 11.Qb3 Be6 12.Bxe6 fxe6 13.Ne2 Qd7 14.c4 Qf7 15.a4 b6 
16.b5 Na5 17.Qc2 Nb7 18.h3 Be7 19.Nd2 Nh5 20.g3 Qg6 21.Kh2 Nf6 22.Rae1 Nd7
23.f4 Rf8 24.Nf3 axb5 25.axb5 Nbc5 26.Nc3 Bf6 27.d4 exd4 28.Nxd4 Ra3 29.
Bc1 Ra1 30.e5 Qxc2+ 31.Nxc2 Rxc1 32.Rxc1 dxe5 33.Na2 exf4 34.gxf4 Be7 35.
Nab4 Bd6 36.Kg2 Bxf4 37.Rce1 Rf6 38.Nc6 Kh7 39.Rf3 e5 40.Kh1 g5 41.N2b4 e4
42.Ra3 Bd6 43.Rae3 Rf2 44.R3e2 Rf7 45.Kg1 Nf6 46.Rf1 Kg6 47.Ref2 Ne6 48.
Nd5 Nf4 49.Nxf4+ gxf4 50.Rxf4 Bxf4 51.Rxf4 Kg5 52.Rf2 h5 53.Ne5 Rf8 54.h4+
Kh6 55.Rg2 e3 56.Rg3 e2 57.Re3 Ng4 58.Rxe2 Rf4 59.c5 bxc5 60.Nd3 Rf6 
1/2-1/2

[Event "14th EUR-ch"]
[Site "Minsk BLR"]
[Date "2017.06.02"]
[Round "4.99"]
[White "Ter-Sahakyan, Samvel"]
[Black "Podolchenko, Evgeniy"]
[Result "1-0"]
[WhiteElo "2598"]
[BlackElo "2398"]
[EventDate "2017.05.30"]
[PlyCount "125"]

1.e4 e6 2.d4 d5 3.Nc3 Bb4 4.e5 c5 5.a3 Bxc3+ 6.bxc3 Qa5 7.Bd2 Qa4 8.Qg4 
Kf8 9.Nf3 Nc6 10.Be2 Qxc2 11.dxc5 Nge7 12.Qf4 Ng6 13.Qe3 Qe4 14.Qxe4 dxe4 
15.Ng5 Ncxe5 16.Nxe4 Bd7 17.Nd6 Bc6 18.O-O Ke7 19.f4 Nd7 20.f5 Nge5 21.
fxe6 fxe6 22.Bg5+ Nf6 23.Rae1 b6 24.Ba6 bxc5 25.Nf5+ exf5 26.Rxe5+ Kd6 27.
Rexf5 Be4 28.R5f2 Nd5 29.Rf7 Bg6 30.Rxg7 Rhg8 31.Rxg8 Rxg8 32.Bd2 Be4 33.
Rf2 Rb8 34.Bf1 Rb1 35.h4 Ra1 36.c4 Nb6 37.Kh2 Rxa3 38.Rf8 Ra2 39.Be3 Nd7 
40.Rd8 Ra1 41.Be2 Ra2 42.Bg4 Bc6 43.Bf4+ Ke7 44.Bg5+ Kd6 45.Bh3 Rf2 46.Kg3
Rf8 47.Bf4+ Ke7 48.Bxd7 Rxd8 49.Bxc6 Rd1 50.Kf3 a5 51.Ke3 Rd4 52.Bb5 a4 
53.Bxa4 Rxc4 54.Bb5 Rc3+ 55.Ke4 Ke6 56.h5 Rc2 57.g4 c4 58.g5 c3 59.Bc4+ 
Ke7 60.h6 Rf2 61.Bc1 Rg2 62.Kd3 Rg3+ 63.Kc2 1-0

[Event "14th EUR-ch"]
[Site "Minsk BLR"]
[Date "2017.06.02"]
[Round "4.100"]
[White "Pustovoitova, Daria"]
[Black "Kulaots, Kaido"]
[Result "0-1"]
[WhiteElo "2420"]
[BlackElo "2597"]
[EventDate "2017.05.30"]
[PlyCount "82"]

1.d4 Nf6 2.c4 g6 3.Nf3 Bg7 4.Nc3 d5 5.Qb3 dxc4 6.Qxc4 O-O 7.e4 Be6 8.Qb5 
Bd7 9.Qb3 c5 10.d5 b5 11.Bxb5 Nxe4 12.Nxe4 Qa5+ 13.Bd2 Qxb5 14.Qxb5 Bxb5 
15.Bc3 Rd8 16.Bxg7 Kxg7 17.Nc3 Bc4 18.O-O-O Nd7 19.Rhe1 Kf8 20.b3 Ba6 21.
Ne5 Nxe5 22.Rxe5 Rab8 23.Re4 c4 24.Kb2 Rb6 25.Na4 Rf6 26.f3 cxb3 27.axb3 
Bb7 28.Nc3 Rb6 29.Rc4 Ba6 30.Ra4 Rdb8 31.Kc2 Bc8 32.Ra3 Rb4 33.Na2 R4b7 
34.Rd4 e6 35.Nc3 exd5 36.Nxd5 Be6 37.Kc3 Rb5 38.Kc4 a5 39.Rd3 Ke8 40.Ra1 
Kd7 41.Re1 Rb4+ 0-1

[Event "14th EUR-ch"]
[Site "Minsk BLR"]
[Date "2017.06.03"]
[Round "5.1"]
[White "Kuzubov, Yuriy"]
[Black "Naiditsch, Arkadij"]
[Result "1/2-1/2"]
[WhiteElo "2637"]
[BlackElo "2700"]
[EventDate "2017.05.30"]
[PlyCount "57"]

1.e4 e5 2.Nf3 Nc6 3.Bb5 Nf6 4.O-O Nxe4 5.Re1 Nd6 6.Nxe5 Be7 7.Bf1 Nxe5 8.
Rxe5 O-O 9.Nc3 Ne8 10.Nd5 Bd6 11.Re1 c6 12.Ne3 Bc7 13.Nf5 d5 14.Ne7+ Kh8 
15.Nxc8 Rxc8 16.d4 Nf6 17.Bd3 Qd6 18.g3 Rce8 19.Bf4 Rxe1+ 20.Qxe1 Qd8 21.
Bg5 h6 22.Bxf6 Qxf6 23.Qb4 Rb8 24.Re1 Bb6 25.c3 g6 26.Bf1 Kg7 27.h4 Bc7 
28.Qe7 Bd6 29.Qxf6+ 1/2-1/2

[Event "14th EUR-ch"]
[Site "Minsk BLR"]
[Date "2017.06.03"]
[Round "5.2"]
[White "Kozul, Zdenko"]
[Black "Matlakov, Maxim"]
[Result "1/2-1/2"]
[WhiteElo "2617"]
[BlackElo "2714"]
[EventDate "2017.05.30"]
[PlyCount "54"]

1.d4 Nf6 2.c4 e6 3.g3 d5 4.Bg2 Bb4+ 5.Bd2 Be7 6.Nf3 O-O 7.O-O Nbd7 8.Qc2 
c6 9.Rc1 b6 10.b4 Bb7 11.Be1 c5 12.bxc5 bxc5 13.Nbd2 Rc8 14.Qd1 Nb6 15.
cxd5 Bxd5 16.dxc5 Bxc5 17.a4 Qe7 18.a5 Nbd7 19.Nb3 Bb4 20.Nfd4 Bxe1 21.
Qxe1 Bxg2 22.Kxg2 e5 23.Nc2 Qe6 24.Nd2 Rc5 25.Ne3 Rfc8 26.Rxc5 Rxc5 27.Nf3
g6 1/2-1/2

[Event "14th EUR-ch"]
[Site "Minsk BLR"]
[Date "2017.06.03"]
[Round "5.3"]
[White "Rodshtein, Maxim"]
[Black "Demchenko, Anton"]
[Result "1/2-1/2"]
[WhiteElo "2698"]
[BlackElo "2629"]
[EventDate "2017.05.30"]
[PlyCount "93"]

1.d4 Nf6 2.c4 g6 3.Nc3 Bg7 4.e4 O-O 5.Be3 d6 6.h3 e5 7.d5 a5 8.g4 Na6 9.
Nge2 h5 10.Ng3 h4 11.Nge2 Nh7 12.Qd2 Bf6 13.Bg2 Bg5 14.f4 exf4 15.Nxf4 Bd7
16.O-O Qe7 17.Rae1 Rae8 18.Nd3 Nb4 19.Nf4 Na6 20.a3 b6 21.Bd4 Nc5 22.Qd1 
Bf6 23.Bxf6 Nxf6 24.b4 axb4 25.axb4 Qe5 26.Qc2 Na6 27.Nd3 Qg5 28.Qa2 Bc8 
29.Nb5 Nd7 30.Nd4 Ne5 31.Nxe5 Qxe5 32.Qd2 Nb8 33.Nf3 Qh8 34.Qg5 Nd7 35.
Nxh4 Ne5 36.Rf6 Nd7 37.Rf2 Ne5 38.Ref1 Qg7 39.Rc2 Ba6 40.Qc1 Qh8 41.Nf3 
Nxf3+ 42.Bxf3 Qxh3 43.Rh2 Qg3+ 44.Kh1 Qe5 45.Kg2 Ra8 46.Rfh1 Kg7 47.Rh7+ 
1/2-1/2

[Event "14th EUR-ch"]
[Site "Minsk BLR"]
[Date "2017.06.03"]
[Round "5.4"]
[White "Fedoseev, Vladimir"]
[Black "Fridman, Daniel"]
[Result "0-1"]
[WhiteElo "2690"]
[BlackElo "2605"]
[EventDate "2017.05.30"]
[PlyCount "90"]

1.e4 e5 2.Bc4 Nf6 3.d3 c6 4.Nf3 d5 5.Bb3 Bd6 6.Nc3 dxe4 7.Nxe4 Nxe4 8.dxe4
h6 9.O-O Qe7 10.Be3 Nd7 11.Nh4 g6 12.f4 Bc5 13.Bxc5 Nxc5 14.Bxf7+ Qxf7 15.
Qd6 Ne6 16.Qxe5 O-O 17.f5 gxf5 18.exf5 Qg7 19.Rae1 Qxe5 20.Rxe5 Nc7 21.Rd1
Re8 22.Rxe8+ Nxe8 23.g4 Nf6 24.Rd8+ Kg7 25.Ng6 b6 26.h4 Nxg4 27.Ne7 Bb7 
28.Rd7 Ba6 29.Nxc6+ Kf6 30.b3 Bc8 31.Rd8 Bb7 32.Rxa8 Bxa8 33.Nxa7 Ne5 34.
Kf2 Kxf5 35.Kg3 Nd7 36.Nb5 Ke5 37.c4 Nf6 38.b4 h5 39.a4 Ne4+ 40.Kh3 Nd6 
41.Na3 Kd4 42.c5 bxc5 43.Nc2+ Kc4 44.bxc5 Nf5 45.Ne1 Be4 0-1

[Event "14th EUR-ch"]
[Site "Minsk BLR"]
[Date "2017.06.03"]
[Round "5.5"]
[White "Cheparinov, Ivan"]
[Black "Azarov, Sergei"]
[Result "1-0"]
[WhiteElo "2688"]
[BlackElo "2582"]
[EventDate "2017.05.30"]
[PlyCount "81"]

1.d4 d5 2.c4 e6 3.Nf3 Nf6 4.g3 dxc4 5.Bg2 a6 6.O-O Nc6 7.e3 Bd7 8.Qe2 Bd6 
9.Qxc4 O-O 10.Nbd2 Nb4 11.Qe2 Bb5 12.Nc4 a5 13.a3 Nbd5 14.a4 Ba6 15.b3 c6 
16.Bb2 Bb4 17.Rfc1 c5 18.dxc5 Ne4 19.c6 bxc6 20.Nfe5 f5 21.Nxc6 Qe8 22.
Nxb4 axb4 23.Qe1 Rd8 24.Bd4 Qh5 25.f3 Nec3 26.Bc5 f4 27.Bxf8 fxg3 28.Bxb4 
Qxh2+ 29.Kf1 Nxb4 30.Qxc3 Bb7 31.Rd1 Rf8 32.e4 Bxe4 33.Ne5 Nd5 34.Rxd5 
Bxd5 35.Rd1 Qh5 36.b4 Qf5 37.Re1 h5 38.Kg1 h4 39.Nc6 Qf7 40.b5 Qc7 41.Qc5 
1-0